000 00570nam a22002177a 4500
003 UA-OsUOA
001 137309
007 ta
008 20190513b un ||||| |||| 00| 0 ukr d
100 _aСюндюков І.
090 _a94(477)
_bС98
942 _cSA
040 _aUA-OsUOA
_bukr
_cUA-OsUOA
_dUA-OsUOA
245 _aКозацька Україна на зламі цивілізацій
300 _aС.21
955 _a0
041 _aukr
080 _a94(477)
773 0 _w137307
650 7 _a9 Географія. Біографії. Історія
_2UDC
999 _c418112
_d418112